| 000 | 00489nam a2200169Ia 4500 | ||
|---|---|---|---|
| 999 |
_c5695 _d5695 |
||
| 003 | OSt | ||
| 005 | 20200121141407.0 | ||
| 008 | 190216s9999||||xx |||||||||||||| ||und|| | ||
| 020 | _a0333335295 | ||
| 040 | _coclc | ||
| 082 |
_a658.45 _bWOO/M |
||
| 100 |
_aWoolcott, L A _91323 |
||
| 245 | 0 |
_aMastering Business Communication / _cL A Woolcott ; W R Unwin |
|
| 260 |
_bMacmillan, _c1983. _aLondon: |
||
| 300 | _a309p | ||
| 942 |
_cBK _2ddc _h658.45 _iWOO/M _k658.45 _mWOO/M |
||